| 000 | 00724cam a2200265 4500500 | ||
|---|---|---|---|
| 005 | 20260329005604.0 | ||
| 041 | _afre | ||
| 042 | _adc | ||
| 100 | 1 | 0 |
_aEltchaninoff, Michel _eauthor |
| 245 | 0 | 0 | _aQue notre volonté soit fête |
| 260 | _c2024. | ||
| 500 | _a49 | ||
| 690 | _aAlain | ||
| 690 | _aCollectif | ||
| 690 | _aCoué | ||
| 690 | _aEmotions | ||
| 690 | _aEngagement | ||
| 690 | _aHumeur | ||
| 690 | _aMichel Eltchaninoff | ||
| 690 | _aPhysiologie | ||
| 690 | _aSimone Weil | ||
| 690 | _aSourire | ||
| 786 | 0 | _nPhilosophie magazine | 178 | 4 | 2024-04-01 | p. 27-28 | 1951-1787 | |
| 856 | 4 | 1 | _uhttps://shs.cairn.info/magazine-philosophie-magazine-2024-4-page-27?lang=fr&redirect-ssocas=7080 |
| 999 |
_c1844778 _d1844778 |
||